| 000 | 00728nam a2200217 a 4500 | ||
|---|---|---|---|
| 008 | 951123s1985||||[C 0 slo c | ||
| 020 |
_c18 Kčs. _q(18000 výtl.) |
||
| 040 |
_aSNK _bslo _cSNK _eAACR2 |
||
| 041 | 1 |
_aslo _hrus |
|
| 044 |
_axo _cSK |
||
| 080 | _a141.82(081) | ||
| 100 | 1 |
_aLenin, Vladimir Iľjič _4aut |
|
| 245 | 1 | 0 |
_aZobrané spisy. /Zv./ 29 _bFilozofické zošity _cVladimir Iľjič Lenin ; Ján Žigo, Oto Takáč |
| 250 | _a2., vyd. | ||
| 260 |
_aBratislava _bPravda _c1985 _eBratislava _fPravda |
||
| 300 |
_a887 s., 39,99 AH _c21 cm |
||
| 500 | _aLit. 230. Pozn. Reg. lit. prac., men. a vec. 230 zázn. v slov., češ. a ruš. | ||
| 700 | 1 |
_aŽigo, Ján _4trl |
|
| 700 | 1 |
_aTakáč, Oto _4bkd |
|
| 958 | _aA | ||
| 999 |
_c15446 _d15446 |
||